00514nam a2200157Ia 450000500170000000800410001708200190005810000190007724500300009626000400012630000120016650000620017894200060024095200950024699900150034120250305000504.0240331s9999 xx 000 0 und d bRAM26102a909 aRamasamy, S. E 0aAlaska:bAzhagin Silirppu aChennaibKizhakku Pathippagamc2004 a143 p., aThe author writes about the beauty and wonders of Alaska. cL 001040708LaWERCLbWERCLcSSCd2024-03-31l0o 909 RAMp6102r2024-03-31w2024-03-31yL c4639d4639